Pathology of the esophagus / (Record no. 1860)

000 -LEADER
fixed length control field 00904pam a2200289 a 4500
003 - CONTROL NUMBER IDENTIFIER
control field OSt
005 - DATE AND TIME OF LATEST TRANSACTION
control field 20210701063723.0
008 - FIXED-LENGTH DATA ELEMENTS--GENERAL INFORMATION
fixed length control field 830728s1984 nyuaf b 001 0 eng
020 ## - INTERNATIONAL STANDARD BOOK NUMBER
International Standard Book Number 038790896X
040 ## - CATALOGING SOURCE
Transcribing agency DLC
050 10 - LIBRARY OF CONGRESS CALL NUMBER
Classification number RC815.7
Item number .E57 1984
060 ## - NATIONAL LIBRARY OF MEDICINE CALL NUMBER
Classification number WI 250 E61p
100 1# - MAIN ENTRY--PERSONAL NAME
Personal name Enterline, Horatio.
245 10 - TITLE STATEMENT
Title Pathology of the esophagus /
Statement of responsibility, etc. Horatio Enterline, John Thompson.
260 ## - PUBLICATION, DISTRIBUTION, ETC.
Place of publication, distribution, etc. New York :
Name of publisher, distributor, etc. Springer-Verlag,
Date of publication, distribution, etc. c1984.
300 ## - PHYSICAL DESCRIPTION
Extent viii, 192 p., [4] p. of plates :
Other physical details ill. (some col.) ;
Dimensions 28 cm.
504 ## - BIBLIOGRAPHY, ETC. NOTE
Bibliography, etc. note Includes bibliographical references and index.
650 #0 - SUBJECT ADDED ENTRY--TOPICAL TERM
Topical term or geographic name entry element Esophagus
General subdivision Diseases.
650 #2 - SUBJECT ADDED ENTRY--TOPICAL TERM
Topical term or geographic name entry element Esophagus
General subdivision Pathology.
650 #2 - SUBJECT ADDED ENTRY--TOPICAL TERM
Topical term or geographic name entry element Esophageal diseases
General subdivision Pathology.
700 1# - ADDED ENTRY--PERSONAL NAME
Personal name Thompson, John,
Dates associated with a name 1947-
906 ## - LOCAL DATA ELEMENT F, LDF (RLIN)
a 7
b cbc
c orignew
d 1
e ocip
f 19
g y-gencatlg
942 ## - ADDED ENTRY ELEMENTS (KOHA)
Source of classification or shelving scheme
Koha item type Book
Suppress in OPAC JE
Holdings
Withdrawn status Lost status Source of classification or shelving scheme Damaged status Not for loan Permanent Location Current Location Shelving location Date acquired Total Checkouts Full call number Barcode Date last seen Price effective from Koha item type Public note Source of acquisition Copy number
          AU LIBRARY AU LIBRARY Open Shelf 01.07.2021   RC815.7 .E57 1984 28003281 01.07.2021 01.07.2021 Book JE    
          AU LIBRARY AU LIBRARY Open Shelf 18.03.2022   RC815 .E57 1984 C2 28005756 18.03.2022 18.03.2022 Book PW DONATION FROM MOI UNIVERSITY 2
          AU LIBRARY AU LIBRARY Open Shelf 25.03.2022   RC815 .E57 1984 C3 28006872 25.03.2022 25.03.2022 Book PW DONATION FROM MOI UNIVERSITY 3
          AU LIBRARY AU LIBRARY Open Shelf 31.03.2022   RC815.7 .E57 1984 C4 28009115 31.03.2022 31.03.2022 Book SM DONATION FROM MOI UNIVERSITY 4
          AU LIBRARY AU LIBRARY Open Shelf 05.04.2022   RC815.7 .E57 1984 C5 28007792 05.04.2022 05.04.2022 Book BA DONATION FROM MOI UNIVERSITY 5

Powered by Koha